000 00307nam a2200097Ia 4500
082 _a346.68066 CASS
245 0 _aThe practitioner's guide to the Companies Act 71 of 2008
100 _a Cassim, Farouk Cape Town, South Africa, 2011
_958157
942 _cBK
008 210817s9999 xx 000 0 und d
999 _c182076
_d182072